Implementación de una metodología para el estudio de la homogeneidad y la estabilidad en el desarrollo de un material de referencia de Cadmio, Plomo y Cromo en disolución acuosa para un ensayo de aptitud

সংরক্ষণ করুন:
গ্রন্থ-পঞ্জীর বিবরন
প্রধান লেখক: Molina Castro, Gabriel Ignacio
বিন্যাস: গ্রন্থ
ভাষা:Spanish
প্রকাশিত: San José, Costa Rica 2013
বিষয়গুলি:
ট্যাগগুলো: ট্যাগ যুক্ত করুন
কোনো ট্যাগ নেই, প্রথমজন হিসাবে ট্যাগ করুন!

MARC

LEADER 00000nam a22000007a 4500
003 011852
005 20221231143903.0
008 150319b2013 cr a|||| |||| 00| 0 spa d
040 |c cru CEDI 
090 |a TFG 7020 
100 |9 595  |a Molina Castro, Gabriel Ignacio  
245 |a  Implementación de una metodología para el estudio de la homogeneidad y la estabilidad en el desarrollo de un material de referencia de Cadmio, Plomo y Cromo en disolución acuosa para un ensayo de aptitud 
260 |a San José, Costa Rica  |c 2013 
500 |a Proyecto de graduación (licenciatura en ingeniería química)--Universidad de Costa Rica. Facultad de Ingeniería. Escuela de Ingeniería Química 
650 |x ESPECTROSCOPIA DE ABSORCION ATOMICA  |x  PESAS Y MEDIDAS  |x TOXICOLOGIA  |x  CADMIO   |x  PLOMO - ANALISIS   |x  CROMO - ANALISIS  |x  LABORATORIO COSTARRICENSE DE METROLOGIA  |9 596 
942 |c TFG 
999 |c 13764  |d 13764